Ανάπτυξη τεχνικών ανίχνευσης αλλαγών καλύψεων γης σε προστατευτέες περιοχές : εφαρμογές στον κόλπο Καλλονής (περιοχή NATURA 2000) με χρήση των πινάκων μεταβολής (transition matrix)

Αποθηκεύτηκε σε:
Λεπτομέρειες βιβλιογραφικής εγγραφής
Κύριος συγγραφέας: Καραθανάση, Καλλιόπη
Συγγραφή απο Οργανισμό/Αρχή: Πανεπιστήμιο Αιγαίου. Σχολή Περιβάλλοντος. Τμήμα Περιβάλλοντος
Μορφή: Thesis Βιβλίο
Γλώσσα:Greek
Δημοσίευση: 2008.
Θέματα:
Διαθέσιμο Online:http://hdl.handle.net/11610/10540
Ετικέτες: Προσθήκη ετικέτας
Δεν υπάρχουν, Καταχωρήστε ετικέτα πρώτοι!

MARC

LEADER 00000cam a2200000 i 4500
001 1/102847
008 090317s2008 gre d
035 |l 10103821 
040 |a GR-MY-UA  |b gre  |e aacr 
041 0 |a gre 
082 0 |a 333.72  |2 (22) 
100 1 |a Καραθανάση, Καλλιόπη. 
245 1 0 |a Ανάπτυξη τεχνικών ανίχνευσης αλλαγών καλύψεων γης σε προστατευτέες περιοχές :   |b εφαρμογές στον κόλπο Καλλονής (περιοχή NATURA 2000) με χρήση των πινάκων μεταβολής (transition matrix) /   |c επιμέλεια: Καλλιόπη Καραθανάση ; επιβλέπων: Π. Δημητρακόπουλος.  
260 |c 2008.  
300 |a 60 σ. :   |b πιν., χαρτ. ;   |c 30 εκ.  
502 |a Πτυχιακή εργασία – Πανεπιστήμιο Αιγαίου, Λέσβος, 2008. 
504 |a Περιέχει βιβλιογραφία.  
610 2 0 |a NATURA 2000 (Network) 
650 0 |a Remote sensing  |x Case studies. 
650 0 |a Protected areas  |z Greece  |z Kallone (Lesbos Island) 
650 0 |a Land use  |x Environmental aspects  |z Greece  |z Kallone (Lesbos Island) 
650 0 |a Dissertations, Academic  |z Greece. 
651 0 |a Kallone (Lesbos Island, Greece)  |x Environmental conditions. 
700 1 |a Δημητρακόπουλος, Παναγιώτης Γ.  |e dgs 
710 2 |a Πανεπιστήμιο Αιγαίου.   |b Σχολή Περιβάλλοντος.   |b Τμήμα Περιβάλλοντος. 
852 |a INST  |b LESVOS  |c DIATR  |e 20090317  |h 1151  |p 005100044539  |q 005100044539  |t DIE  |y 23 
852 |a INST  |b LESVOS  |c DIATR  |e 20090317  |h 1152  |p 005100044538  |q 005100044538  |t DIE  |y 23 
856 |u http://hdl.handle.net/11610/10540 
901 |a BIBL1-2009-1 
909 |a Λ  |b 158915 
909 |a Λ  |b 158916 
924 |a ΚΑΡΑΘΑΝΑΣΗ  |b ΚΑΛΛΙΟΠΗ  |y ΛΕΣΒΟΣ  |z 2008-10 
970 |a ΤΖΑΦΕΡΗ  |b ΕΥΑΓΓΕΛΙΑ  |z 2009/03/17